| 000 | 00697nam a2200169 a 4500 | ||
|---|---|---|---|
| 008 | 060720s2005 ||||||||||||||||| || u | ||
| 050 | _aIBRD(08) | ||
| 100 | _aRaddatz, Claudio | ||
| 245 | 1 | 0 | _aAre external shocks responsible for the instability of output in low income countries |
| 260 |
_aWashington, D. C. _bWorld Bank _c2005 |
||
| 300 | _a52p.: ill | ||
| 350 | _a0.00 | ||
| 490 | _aWorld Bank policy research working papers | ||
| 650 | 0 | _aECONOMICS | |
| 650 | _aEXTERNAL SHOCKS--RESEARCH--LOW INCOME COUNTRIES | ||
| 995 |
_D0.00 _FCBU-MAIN LIBRARY (Kitwe) _H1 _I0.00 _M1 _UAVAILABLE _WJul 20, 2006 _ZInternational Publications |
||
| 999 |
_c34816 _d34816 |
||